Etudes d'esthetique médiévale / (Registro nro. 36508)

Detalles MARC
000 -LEADER
campo de control de longitud fija 00834nam a2200205 i 4500
001 - NÚMERO DE CONTROL
campo de control 36508
003 - IDENTIFICADOR DE NÚMERO DE CONTROL
campo de control ES-MaACL
005 - FECHA Y HORA DE LA ÚLTIMA TRANSACCIÓN
campo de control 20230906155402.0
007 - CAMPO FIJO DE DESCRIPCIÓN FÍSICA--INFORMACIÓN GENERAL
campo de control de longitud fija t|
008 - DATOS DE LONGITUD FIJA--INFORMACIÓN GENERAL
campo de control de longitud fija 030218s1946 be ||||1| fre d
100 1# - ENTRADA PRINCIPAL--NOMBRE DE PERSONA
Nombre de persona Bruyne, Edgar de.
9 (RLIN) 32240
245 10 - MENCIÓN DEL TÍTULO
Título Etudes d'esthetique médiévale /
Mención de responsabilidad, etc. Edgar de Bruyne.
260 ## - PUBLICACIÓN, DISTRIBUCIÓN, ETC.
Lugar de publicación, distribución, etc. Brugge (Belgüe) :
Nombre del editor, distribuidor, etc. De Tempel,
Fecha de publicación, distribución, etc. 1946.
300 ## - DESCRIPCIÓN FÍSICA
Extensión 3 t. ;
Dimensiones 25 cm.
490 1# - MENCIÓN DE SERIE
Mención de serie Rijksuniversiteit te gent. Werken Uitgegeven Door de Faculteit van de Wijsbegeeste en Letteren ;
Designación de volumen o secuencia 97-99
505 8# - NOTA DE CONTENIDO CON FORMATO
Nota de contenido con formato Contiene: T. I: De boèce a Jean Scot Erigène. -- T. II: L'Epoque romane. -- T. III: Le XIIIe siècle
830 0# - PUNTO DE ACCESO ADICIONAL DE SERIE-TÍTULO UNIFORME
Título uniforme Rijksuniversiteit te gent. Werken Uitgegeven Door de Faculteit van de Wijsbegeeste en Letteren ;
Designación de volumen o secuencia 97-99
9 (RLIN) 229592
852 ## - LOCALIZACIÓN
Ubicación ES-MaACL
Número de control de estantería D-6802-4
Sublocalización o colección R.30496
Existencias
Estatus retirado Estado de pérdida Estado de daño No para préstamo Biblioteca de origen Biblioteca actual Ubicación en estantería Fecha de adquisición Fuente de adquisición Total de préstamos Signatura topográfica completa Código de barras Visto por última vez Precio de reemplazo Tipo de ítem Koha
        Biblioteca del Ateneo de Madrid Biblioteca del Ateneo de Madrid Sala Valle Inclán 17/01/2008     D-6802-4 901038355 23/02/2023 23/02/2023 Libro impreso